000 004460000a22001450004500
090 _aAR
_b00164
245 1 0 _aTeilprojekt wildpflanzen/naturschurtz: entwicklung des bundes informations systems genetische ressourcen BIG
650 1 4 _aGenética
_992806
650 1 4 _aRecursos genéticos
_992757
650 1 4 _aInvestigación científica
_992833
041 0 _aAlemán
110 1 _aBFN
_993034
942 _cARTICULO
773 1 _tPreprint
_33
_q2-8
_d1992?
999 _c9265
_d9265